| 000 | 00342nam a22001097a 4500 | ||
|---|---|---|---|
| 008 | 161116b xxu||||| |||| 00| 0 eng d | ||
| 050 | _aKZ21.B7(1978 .VOL49) | ||
| 245 |
_aThe British Year Book Of International Law 1978 ./ _cedited by R.Y, Jennings. |
||
| 260 |
_aLondon: _bOxford Univ.Press, _c1979. |
||
| 300 |
_a454p:, _c24cm. |
||
| 942 |
_2lcc _cBK |
||
| 999 |
_c6129 _d13629 |
||